[Event "2BLO 2324 Erfurter SK - SC Garching"]
[Site "?"]
[Date "2024.03.16"]
[Round "9.8"]
[White "Brueggemann, Joachim"]
[Black "Schimpf, Markus"]
[Result "1-0"]
[WhiteElo "2260"]
[BlackElo "2262"]
[PlyCount "85"]
[EventDate "2024.??.??"]

1. e4 c5 2. Nf3 e6 3. d3 Nc6 4. g3 Nge7 5. Bg2 g6 6. O-O Bg7 7. c3 e5 8. Be3 d6 9. Na3 O-O 10. d4 exd4 11. cxd4 Bg4 12. dxc5 dxc5 13. Qxd8 Raxd8 14. Bxc5 Bxf3 15. Bxf3 Rd3 16. Be2 Rd2 17. Bb5 Bd4 18. Bxd4 Nxd4 19. Rfd1 a6 20. Rxd2 Nf3+ 21. Kg2 Nxd2 22. Bf1 Rc8 23. Rd1 Nxf1 24. Kxf1 b5 25. b3 Rc3 26. Rd8+ Kg7 27. Ra8 Rc1+ 28. Ke2 b4 29. Nc4 Rc2+ 30. Ke3 Rxa2 31. Rb8 Rc2 32. Rxb4 Rc3+ 33. Kd2 Rf3 34. Ke2 Nc6 35. Kxf3 Nxb4 36. Ke3 g5 37. h3 h5 38. f4 gxf4+ 39. gxf4 Kf6 40. Kd4 h4 41. Ne3 Nc6+ 42. Kd3 Nb4+ 43. Kc4 1-0

[Event "2BLO 2324 SC Erlangen - FC Bayern Münch"]
[Site "?"]
[Date "2024.03.16"]
[Round "9.1"]
[White "Girel, Joseph"]
[Black "Mons, Leon"]
[Result "1/2-1/2"]
[WhiteElo "2486"]
[BlackElo "2496"]
[PlyCount "53"]
[EventDate "2024.??.??"]

1. e4 e5 2. Nf3 Nc6 3. d4 exd4 4. Nxd4 Nf6 5. Nxc6 bxc6 6. Nd2 d5 7. exd5 cxd5 8. Bb5+ Bd7 9. Bxd7+ Qxd7 10. O-O Be7 11. b3 O-O 12. Bb2 Qf5 13. Re1 Bc5 14. Nf3 Rfe8 15. Qd3 Qxd3 16. cxd3 Nd7 17. Nd4 Bxd4 18. Bxd4 c5 19. Be3 f6 20. Kf1 Kf7 21. Rac1 d4 22. Bf4 Rxe1+ 23. Kxe1 Ke6 24. Kd2 Kd5 25. Re1 Ne5 26. Bxe5 fxe5 27. Re4 1/2-1/2

[Event "2BLO 2324 SC Erlangen - FC Bayern Münch"]
[Site "?"]
[Date "2024.03.16"]
[Round "9.2"]
[White "Miller, Eduard"]
[Black "Fedorovsky, Michael"]
[Result "1/2-1/2"]
[WhiteElo "2327"]
[BlackElo "2419"]
[PlyCount "63"]
[EventDate "2024.??.??"]

1. d4 d5 2. Bf4 e6 3. e3 Nf6 4. Nf3 Bd6 5. Ne5 O-O 6. Nd2 c5 7. c3 Qc7 8. Bd3 Nc6 9. Ndf3 cxd4 10. cxd4 Ne4 11. O-O f6 12. Nxc6 Bxf4 13. exf4 bxc6 14. Qc1 Qb6 15. Qe3 Ba6 16. Bxa6 Qxa6 17. Nd2 Nxd2 18. Qxd2 Rfe8 19. Rfe1 Qb6 20. Rac1 a5 21. b3 Qb4 22. Qxb4 axb4 23. Rxc6 Rxa2 24. Rb6 Rd2 25. Rxb4 Rc8 26. h3 Rcc2 27. f5 Rxf2 28. Rb8+ Kf7 29. Rb7+ Kf8 30. Rb8+ Kf7 31. Rb7+ Kf8 32. Rb8+ 1/2-1/2

[Event "2BLO 2324 SC Erlangen - FC Bayern Münch"]
[Site "?"]
[Date "2024.03.16"]
[Round "9.3"]
[White "Zajogin, Alexander"]
[Black "Klek, Hanna Marie"]
[Result "1/2-1/2"]
[WhiteElo "2362"]
[BlackElo "2287"]
[PlyCount "37"]
[EventDate "2024.??.??"]

1. d4 Nf6 2. c4 e6 3. Nc3 Bb4 4. e3 O-O 5. Nf3 d6 6. Bd3 e5 7. Nd2 exd4 8. exd4 d5 9. O-O Nc6 10. a3 Be7 11. cxd5 Nxd4 12. Nf3 Nxf3+ 13. Qxf3 Bg4 14. Qg3 Qd7 15. h3 Bh5 16. Qh4 Bg6 17. Bxg6 hxg6 18. Bg5 Rae8 19. Rad1 1/2-1/2

[Event "2BLO 2324 SC Erlangen - FC Bayern Münch"]
[Site "?"]
[Date "2024.03.16"]
[Round "9.4"]
[White "Mijovic, Stefan"]
[Black "Ankerst, Mihael"]
[Result "1/2-1/2"]
[WhiteElo "2385"]
[BlackElo "2365"]
[PlyCount "80"]
[EventDate "2024.??.??"]

1. c4 e5 2. Nc3 Nf6 3. Nf3 Nc6 4. g3 Nd4 5. Bg2 Nxf3+ 6. Bxf3 Bb4 7. O-O O-O 8. Qc2 Re8 9. a3 Bf8 10. Rd1 h6 11. d4 exd4 12. Rxd4 Bc5 13. Rd1 a5 14. Na4 Ba7 15. c5 d5 16. b4 Qe7 17. Bb2 c6 18. Bd4 axb4 19. axb4 Bb8 20. Qb2 Be5 21. Bxe5 Qxe5 22. Qxe5 Rxe5 23. e3 Bh3 24. Nc3 Ree8 25. Ne2 Kf8 26. Nd4 Ke7 27. Be2 g6 28. f3 Be6 29. Kf2 Rec8 30. Nb3 Nd7 31. Rxa8 Rxa8 32. Ra1 Rxa1 33. Nxa1 b6 34. Nb3 bxc5 35. Nxc5 Kd6 36. Nxd7 Bxd7 37. Ke1 c5 38. bxc5+ Kxc5 39. Kd2 g5 40. Kc3 f6 1/2-1/2

[Event "2BLO 2324 SC Erlangen - FC Bayern Münch"]
[Site "?"]
[Date "2024.03.16"]
[Round "9.5"]
[White "Rodewis, Thomas"]
[Black "Schulz, Lukas"]
[Result "1/2-1/2"]
[WhiteElo "2364"]
[BlackElo "2299"]
[PlyCount "92"]
[EventDate "2024.??.??"]

1. d4 Nf6 2. c4 g6 3. Nc3 Bg7 4. e4 d6 5. f3 O-O 6. Nge2 c5 7. d5 e6 8. Ng3 exd5 9. cxd5 a6 10. a4 Nbd7 11. Be2 Rb8 12. O-O Qc7 13. Be3 Re8 14. Qd2 Ne5 15. h3 Qe7 16. Bh6 Qf8 17. Bxg7 Qxg7 18. f4 Ned7 19. Bf3 h5 20. Rfe1 b5 21. axb5 axb5 22. Ra5 h4 23. Nf1 Nb6 24. Qc1 b4 25. Nb5 Qf8 26. b3 Bd7 27. Qa1 Nh7 28. Nc7 Rec8 29. Na6 Ra8 30. e5 Qh6 31. e6 fxe6 32. dxe6 Bc6 33. Bxc6 Rxc6 34. e7 Re8 35. Rb5 Kf7 36. Rxb6 Rxb6 37. Nc7 Rbb8 38. Qc1 Nf6 39. Nxe8 Rxe8 40. Qe3 Kg7 41. Nh2 Nh5 42. Ng4 Qxf4 43. Qe6 Qd4+ 44. Kh2 Qf4+ 45. Kg1 Qd4+ 46. Kh2 Qf4+ 1/2-1/2

[Event "2BLO 2324 SC Erlangen - FC Bayern Münch"]
[Site "?"]
[Date "2024.03.16"]
[Round "9.6"]
[White "Ott, Florian"]
[Black "Belezky, Alexander"]
[Result "1-0"]
[WhiteElo "2293"]
[BlackElo "2280"]
[PlyCount "51"]
[EventDate "2024.??.??"]

1. d4 Nf6 2. c4 e6 3. Nc3 Bb4 4. e3 O-O 5. Nge2 d5 6. a3 Bd6 7. Ng3 c6 8. Be2 dxc4 9. Bxc4 e5 10. O-O exd4 11. exd4 Bc7 12. Qd3 Nbd7 13. Bg5 h6 14. Bh4 b5 15. Ba2 Ne5 16. Qc2 Qxd4 17. Bxf6 gxf6 18. Nce4 f5 19. Rad1 Qb6 20. Nxf5 Bxf5 21. Nf6+ Kg7 22. Qxf5 c5 23. Nd7 Nxd7 24. Rxd7 c4 25. Bb1 Rad8 26. Qh7+ 1-0

[Event "2BLO 2324 SC Erlangen - FC Bayern Münch"]
[Site "?"]
[Date "2024.03.16"]
[Round "9.7"]
[White "Hoeglauer, Patrick"]
[Black "Hilverda, Alexander"]
[Result "1-0"]
[WhiteElo "2256"]
[BlackElo "2240"]
[PlyCount "85"]
[EventDate "2024.??.??"]

1. e4 e5 2. Nf3 Nc6 3. Bb5 a6 4. Ba4 Nf6 5. O-O Be7 6. Re1 b5 7. Bb3 d6 8. a3 O-O 9. h3 Be6 10. Bxe6 fxe6 11. d4 Nxd4 12. Nxd4 exd4 13. Qxd4 Nd7 14. Nc3 Bf6 15. Qe3 Ne5 16. f4 Nc4 17. Qd3 Qb8 18. b3 Nxa3 19. e5 dxe5 20. Rxa3 b4 21. Rxa6 bxc3 22. fxe5 Bh4 23. Re4 Bf2+ 24. Kh2 Rd8 25. Qc4 Rxa6 26. Qxa6 Qb6 27. Qxb6 cxb6 28. Rc4 Bd4 29. Bf4 g5 30. Bxg5 Bxe5+ 31. Kg1 Bd4+ 32. Kf1 Rd5 33. g4 b5 34. Rc8+ Kf7 35. Rd8 Rxd8 36. Bxd8 e5 37. Ke2 e4 38. Bg5 Ke6 39. Be3 Be5 40. Bb6 Bf4 41. Bd4 Kf7 42. Bxc3 Kg6 43. Bd2 1-0

[Event "2BLO 2324 SC Erlangen - FC Bayern Münch"]
[Site "?"]
[Date "2024.03.16"]
[Round "9.8"]
[White "Boehme, Sebastian"]
[Black "Butenandt, Svenja"]
[Result "0-1"]
[WhiteElo "2220"]
[BlackElo "2216"]
[PlyCount "154"]
[EventDate "2024.??.??"]

1. e4 c6 2. Nf3 d5 3. d3 dxe4 4. dxe4 Qxd1+ 5. Kxd1 Nf6 6. Nfd2 Ng4 7. Ke1 e5 8. a4 Bc5 9. h3 Nxf2 10. Rh2 f5 11. exf5 Bxf5 12. g4 Bxc2 13. Rxf2 Bxf2+ 14. Kxf2 Nd7 15. Nc3 Rf8+ 16. Kg1 Nc5 17. b4 Ne6 18. Nde4 O-O-O 19. Be3 Nd4 20. Kg2 Bxe4+ 21. Nxe4 Nc2 22. Bxa7 Nxa1 23. Bc5 Rf4 24. Nd6+ Kc7 25. Nc4 Rd1 26. Be2 Rc1 27. Bd3 Rf6 28. g5 Rf4 29. Bf2 Rd1 30. Be2 Rc1 31. Nxe5 Re4 32. Nd3 Rc2 33. Bf3 Re3 34. Nc5 Ra3 35. Be4 Rb2 36. Bxh7 Rxb4 37. Ne6+ Kd7 38. Nxg7 Rb2 39. Nh5 Raa2 40. Nf6+ Ke7 41. Ne4 Kf7 42. h4 Rxa4 43. h5 Kg7 44. Bf5 Rb5 45. Nd6 Rd5 46. h6+ Kg8 47. h7+ Kg7 48. Nf7 Ra8 49. Be6 Kxh7 50. Bxd5 cxd5 51. Ne5 Nc2 52. Kf3 b5 53. Ke2 Re8 54. Bg3 b4 55. Kd3 Rc8 56. Kd2 b3 57. Nd3 Nb4 58. g6+ Kxg6 59. Nxb4 b2 60. Nxd5 b1=Q 61. Ne7+ Kg5 62. Nxc8 Qb2+ 63. Kd3 Qb3+ 64. Ke4 Qxg3 65. Kd5 Kf6 66. Nd6 Qe5+ 67. Kc6 Ke6 68. Nb5 Qd5+ 69. Kb6 Kd7 70. Na7 Qa8 71. Nb5 Qd5 72. Na7 Qd4+ 73. Ka6 Qb4 74. Nb5 Kc6 75. Na7+ Kc5 76. Nc8 Qb8 77. Na7 Qb6# 0-1

[Event "2BLO 2324 Münchener Schachclub 1836 - S"]
[Site "?"]
[Date "2024.03.16"]
[Round "9.1"]
[White "Marcelin, Cyril"]
[Black "Saric, Ivan"]
[Result "1/2-1/2"]
[WhiteElo "2448"]
[BlackElo "2670"]
[PlyCount "133"]
[EventDate "2024.??.??"]

1. d4 Nf6 2. c3 g6 3. Bg5 Bg7 4. Nd2 h6 5. Bh4 d6 6. e3 O-O 7. Bd3 c5 8. Ne2 cxd4 9. cxd4 Nc6 10. O-O e5 11. dxe5 dxe5 12. Bb5 Be6 13. Bc4 Re8 14. Nc3 g5 15. Bg3 Qe7 16. Bxe6 Qxe6 17. Qb3 Rad8 18. Qxe6 Rxe6 19. Rfd1 Bf8 20. Nc4 Rxd1+ 21. Rxd1 a6 22. a4 Bb4 23. Nd5 Nxd5 24. Rxd5 f6 25. Kf1 Ne7 26. Rd8+ Kf7 27. Rb8 Rc6 28. b3 Rc7 29. f4 Nc6 30. Rh8 Kg7 31. Re8 exf4 32. exf4 Rd7 33. fxg5 hxg5 34. h4 Rd1+ 35. Ke2 Rb1 36. hxg5 fxg5 37. Re3 Kg6 38. Ne5+ Nxe5 39. Bxe5 Kf5 40. g4+ Kxg4 41. Re4+ Kf5 42. Rxb4 Kxe5 43. Kf2 a5 44. Rxb7 Kf4 45. Rf7+ Kg4 46. Ra7 Rb2+ 47. Ke1 Kh3 48. Rxa5 g4 49. Ra8 g3 50. Rh8+ Kg2 51. a5 Rxb3 52. a6 Ra3 53. Ra8 Ra4 54. Ke2 Rh4 55. Rb8 Re4+ 56. Kd3 Ra4 57. Ra8 Kg1 58. a7 g2 59. Kc3 Ra1 60. Kb4 Rb1+ 61. Kc5 Rb7 62. Kc6 Rg7 63. Kb5 Rg5+ 64. Ka6 Rg6+ 65. Kb7 Rg7+ 66. Ka6 Rg6+ 67. Kb7 1/2-1/2

[Event "2BLO 2324 Münchener Schachclub 1836 - S"]
[Site "?"]
[Date "2024.03.16"]
[Round "9.2"]
[White "Indjic, Aleksandar"]
[Black "Kosic, Dragan"]
[Result "1-0"]
[WhiteElo "2595"]
[BlackElo "2379"]
[PlyCount "79"]
[EventDate "2024.??.??"]

1. d4 Nf6 2. c4 e6 3. Nc3 Bb4 4. e3 c5 5. Nge2 cxd4 6. exd4 d5 7. c5 e5 8. a3 Bxc3+ 9. Nxc3 exd4 10. Qxd4 Nc6 11. Bb5 O-O 12. Bxc6 bxc6 13. O-O Re8 14. Bg5 h6 15. Bxf6 Qxf6 16. Qxf6 gxf6 17. Rfd1 Ba6 18. Rd2 Bc4 19. f3 Rab8 20. Kf2 a5 21. Re1 Re6 22. Rb1 Rb3 23. Rc1 Kg7 24. Kg3 Ba6 25. Kf4 Re5 26. h4 Re6 27. Rcc2 Re1 28. Nxd5 cxd5 29. Rxd5 Rb1 30. Rd6 Bc8 31. Rdd2 Rb5 32. c6 Re1 33. Rd8 Rb8 34. c7 Ra8 35. Rc5 Re7 36. b4 axb4 37. axb4 f5 38. Rc6 Rd7 39. b5 Re7 40. Rxc8 1-0

[Event "2BLO 2324 Münchener Schachclub 1836 - S"]
[Site "?"]
[Date "2024.03.16"]
[Round "9.3"]
[White "Hoefelsauer, Thomas"]
[Black "Ter-Sahakyan, Samvel"]
[Result "0-1"]
[WhiteElo "2302"]
[BlackElo "2646"]
[PlyCount "102"]
[EventDate "2024.??.??"]

1. d4 Nf6 2. Nf3 d5 3. c3 c6 4. Qc2 Bg4 5. Ne5 Bh5 6. Qf5 Nbd7 7. Qh3 Qc8 8. Qh4 h6 9. g4 g5 10. Qg3 Bg6 11. Nxg6 fxg6 12. Bg2 Bg7 13. Nd2 O-O 14. O-O Qe8 15. b3 e5 16. Ba3 Rf7 17. Rae1 e4 18. e3 Qe6 19. h3 a5 20. f3 a4 21. Bb4 axb3 22. axb3 Ra2 23. Rf2 exf3 24. Bxf3 Bf8 25. Bxf8 Rxf8 26. e4 dxe4 27. Nxe4 Rxf2 28. Nxf6+ Qxf6 29. Kxf2 Qf7 30. c4 Qf6 31. Rd1 Qe7 32. Kg2 Rf4 33. Qf2 Kg7 34. Rd3 Qd6 35. Qb2 Ne5 36. d5 Kf7 37. Re3 Nxf3 38. Rxf3 Rxf3 39. Kxf3 cxd5 40. cxd5 Qxd5+ 41. Kg3 h5 42. Qf2+ Ke6 43. Qc2 Qd6+ 44. Kf3 hxg4+ 45. hxg4 Qf4+ 46. Kg2 Qxg4+ 47. Kh2 Qf4+ 48. Kg2 Kd5 49. Qd3+ Kc5 50. Qxg6 b5 51. Qd3 Kb4 0-1

[Event "2BLO 2324 Münchener Schachclub 1836 - S"]
[Site "?"]
[Date "2024.03.16"]
[Round "9.4"]
[White "Martinovic, Sasa"]
[Black "Huber, Benedikt"]
[Result "1-0"]
[WhiteElo "2558"]
[BlackElo "2247"]
[PlyCount "73"]
[EventDate "2024.??.??"]

1. d4 d5 2. c4 e6 3. Nf3 Nf6 4. Nc3 a6 5. cxd5 exd5 6. Bg5 Be6 7. e3 Nbd7 8. Bd3 c6 9. O-O Bd6 10. Bh4 Bg4 11. h3 Bh5 12. Qc2 Bxf3 13. gxf3 Nf8 14. f4 Ng6 15. Bg3 Nh5 16. Qe2 Nxg3 17. fxg3 Ne7 18. Rac1 O-O 19. Kh2 Rc8 20. Qf3 Re8 21. Rfe1 Bb4 22. a3 Bxc3 23. Rxc3 f5 24. g4 Qd7 25. Rc2 Rc7 26. Rg2 fxg4 27. hxg4 Nc8 28. e4 dxe4 29. Rxe4 Nd6 30. Re5 Nf7 31. Qe4 Nxe5 32. Qxh7+ Kf8 33. dxe5 Qd4 34. Qh8+ Ke7 35. Qh4+ Kf7 36. Bg6+ Kxg6 37. Qh5# 1-0

[Event "2BLO 2324 Münchener Schachclub 1836 - S"]
[Site "?"]
[Date "2024.03.16"]
[Round "9.5"]
[White "Lohvinov, Petro"]
[Black "Costa, Leonardo"]
[Result "0-1"]
[WhiteElo "2211"]
[BlackElo "2479"]
[PlyCount "62"]
[EventDate "2024.??.??"]

1. e4 e5 2. Nf3 Nc6 3. d4 exd4 4. Nxd4 Nf6 5. Nxc6 bxc6 6. e5 Qe7 7. Qe2 Nd5 8. c4 Ba6 9. Nd2 g6 10. Nf3 Qb4+ 11. Kd1 Ne7 12. Kc2 Bg7 13. b3 c5 14. Bb2 O-O 15. Rd1 Rad8 16. h4 Bb7 17. Ng5 Nf5 18. Qg4 Nd4+ 19. Bxd4 cxd4 20. Bd3 h5 21. Qg3 Qa5 22. Kb1 Qxe5 23. f4 Qe3 24. Qh2 Rde8 25. Rhf1 f6 26. Nh3 f5 27. g3 Bf3 28. Rd2 Bf6 29. Ng5 Bxg5 30. hxg5 c5 31. Bc2 Be2 0-1

[Event "2BLO 2324 Münchener Schachclub 1836 - S"]
[Site "?"]
[Date "2024.03.16"]
[Round "9.6"]
[White "Watson, William N"]
[Black "Xiong, Ferdinand"]
[Result "1-0"]
[WhiteElo "2471"]
[BlackElo "2211"]
[PlyCount "91"]
[EventDate "2024.??.??"]

1. e4 Nc6 2. d4 e5 3. dxe5 Nxe5 4. Nf3 d6 5. Nc3 Nf6 6. Nxe5 dxe5 7. Qxd8+ Kxd8 8. Bg5 c6 9. O-O-O+ Ke8 10. Bc4 Bc5 11. a4 Ke7 12. Rd3 h6 13. Bh4 g5 14. Bg3 Be6 15. Bxe6 Kxe6 16. Rhd1 Be7 17. f3 Rhd8 18. Bf2 Rxd3 19. Rxd3 Nd7 20. Ne2 Nc5 21. Bxc5 Bxc5 22. Ng3 Rh8 23. Nh5 Rg8 24. g4 Bf2 25. Kd2 Rg6 26. Rd8 Bg1 27. Rb8 b6 28. Ke2 Kd6 29. Rb7 a5 30. Rxf7 Kc5 31. Rd7 Kb4 32. Kd3 Kxa4 33. h3 b5 34. Ng3 c5 35. Nf5 c4+ 36. Kd2 Rc6 37. Nd6 b4 38. Nxc4 Bh2 39. Rd5 b3 40. cxb3+ Kb4 41. Rd8 Rf6 42. Rb8+ Kc5 43. Ke2 a4 44. Rc8+ Kb4 45. bxa4 Kxa4 46. Rb8 1-0

[Event "2BLO 2324 Münchener Schachclub 1836 - S"]
[Site "?"]
[Date "2024.03.16"]
[Round "9.7"]
[White "Kostic, Vladimir G"]
[Black "Ciolek, Andreas"]
[Result "1/2-1/2"]
[WhiteElo "2174"]
[BlackElo "2302"]
[PlyCount "206"]
[EventDate "2024.??.??"]

1. Nf3 d5 2. d4 Nf6 3. c4 e6 4. Nc3 Bb4 5. Qa4+ Nc6 6. Ne5 Bd7 7. Nxd7 Qxd7 8. e3 O-O 9. a3 Bxc3+ 10. bxc3 Ne4 11. Qc2 Na5 12. Bd3 f5 13. cxd5 exd5 14. O-O Qc6 15. a4 Nc4 16. Rb1 Ned6 17. Ra1 Rf6 18. a5 a6 19. Qa4 Qxa4 20. Rxa4 b6 21. axb6 cxb6 22. Ra1 Ne4 23. Bxc4 dxc4 24. Ra3 Re6 25. f3 Nf6 26. Bd2 b5 27. Rb1 Rb8 28. h3 Kf7 29. g4 g6 30. Kf2 Nd5 31. Re1 Rbe8 32. e4 fxe4 33. fxe4 Rxe4 34. Rxe4 Rxe4 35. Rxa6 b4 36. cxb4 c3 37. Bg5 c2 38. b5 Nf4 39. Rf6+ Kg7 40. Rxf4 c1=Q 41. Rf7+ Kxf7 42. Bxc1 Rxd4 43. Be3 Rb4 44. b6 Ke6 45. Kf3 Ke5 46. h4 Rb3 47. h5 g5 48. h6 Kd5 49. b7 Rxb7 50. Bxg5 Rb4 51. Bf6 Rb1 52. g5 Ke6 53. Ke4 Rb4+ 54. Kf3 Kf5 55. Ke2 Rb3 56. Kd2 Rh3 57. Ke2 Kf4 58. Kd2 Ke4 59. Kc2 Rh2+ 60. Kc3 Rg2 61. Be7 Rg1 62. Bf8 Rf1 63. Bg7 Kf5 64. Bf6 Rd1 65. Kc2 Rd7 66. Kc3 Ke4 67. Bg7 Rd6 68. Bf6 Re6 69. Kd2 Rc6 70. Bg7 Ra6 71. Bf6 Kf3 72. Bg7 Rd6+ 73. Kc2 Ke3 74. Be5 Rc6+ 75. Kd1 Kd3 76. Bf6 Rc2 77. Ke1 Rh2 78. Kf1 Ke3 79. Kg1 Rh4 80. Kg2 Rg4+ 81. Kf1 Rg3 82. Be7 Rf3+ 83. Kg2 Rf5 84. Kg3 Rb5 85. Kg4 Ke4 86. Kg3 Rb3+ 87. Kg2 Kf4 88. Bf6 Ra3 89. Kf2 Ra2+ 90. Ke1 Ke3 91. Kf1 Re2 92. Bg7 Kf3 93. Bf6 Re6 94. Bg7 Ke3 95. Kg2 Rc6 96. Kg3 Ke4 97. Bf6 Rb6 98. Kg2 Ra6 99. Kg3 Kf5 100. Kf3 Ra3+ 101. Ke2 Rg3 102. Kf2 Rh3 103. Kg2 Rxh6 1/2-1/2

[Event "2BLO 2324 Münchener Schachclub 1836 - S"]
[Site "?"]
[Date "2024.03.16"]
[Round "9.8"]
[White "Hennig, Dirk"]
[Black "Stadler, Andreas"]
[Result "1/2-1/2"]
[WhiteElo "2390"]
[BlackElo "1998"]
[PlyCount "79"]
[EventDate "2024.??.??"]

1. d4 d5 2. Nf3 Nf6 3. c4 c6 4. Nbd2 Bf5 5. Qb3 Qb6 6. c5 Qxb3 7. axb3 e6 8. b4 Be7 9. e3 O-O 10. b5 cxb5 11. Bxb5 Nbd7 12. b4 a6 13. Be2 h6 14. O-O Rac8 15. Bb2 Ne4 16. Nxe4 Bxe4 17. Nd2 Bg6 18. Rfc1 Bf6 19. Nb3 Nb8 20. Na5 Rc7 21. Kf1 Rfc8 22. Ke1 Bd8 23. Kd2 b5 24. Bc3 f6 25. g4 Re7 26. Nb3 e5 27. h4 e4 28. h5 Be8 29. f3 exf3 30. Bxf3 Bc6 31. Re1 Bc7 32. Kd3 Rce8 33. Re2 Bb7 34. Nd2 Nd7 35. e4 Bf4 36. Rae1 Bg3 37. Rf1 Bf4 38. Rfe1 Bg3 39. Rf1 Bf4 40. Rfe1 1/2-1/2

[Event "2BLO 2324 SK Göggingen - Erfurter SK"]
[Site "?"]
[Date "2024.03.17"]
[Round "10.1"]
[White "Romanov, Evgeny"]
[Black "Postny, Evgeny"]
[Result "1/2-1/2"]
[WhiteElo "2596"]
[BlackElo "2599"]
[PlyCount "97"]
[EventDate "2024.??.??"]

1. e4 e5 2. Nf3 Nc6 3. Bb5 Nf6 4. d3 Bc5 5. Bxc6 dxc6 6. O-O Nd7 7. Be3 Bxe3 8. fxe3 Qe7 9. Qe1 Nf8 10. Qc3 f6 11. b4 Be6 12. Nbd2 Ng6 13. a4 O-O 14. b5 cxb5 15. axb5 Rfc8 16. d4 c6 17. bxc6 Rxc6 18. Qb2 Qc7 19. d5 Rxc2 20. Rfc1 Rxb2 21. Rxc7 Bg4 22. Nc4 Rc2 23. Ne1 Rc3 24. h3 Be2 25. Nb6 Rxc7 26. Nxa8 Rc3 27. Rxa7 Rxe3 28. Rxb7 Rxe4 29. Nc7 Rd4 30. Nc2 Rd1+ 31. Kh2 Rd2 32. Ne3 Bf3 33. Ne6 Bxd5 34. Rxg7+ Kh8 35. Rd7 Rxg2+ 36. Nxg2 Bxe6 37. Ra7 Kg8 38. Ne3 Nf4 39. Ng4 Bxg4 40. hxg4 Ne6 41. Kg3 Ng7 42. Kf3 h6 43. Ke4 Kh7 44. Kd5 Kg6 45. Re7 h5 46. gxh5+ Nxh5 47. Rxe5 Nf4+ 48. Ke4 fxe5 49. Kxe5 1/2-1/2

[Event "2BLO 2324 SK Göggingen - Erfurter SK"]
[Site "?"]
[Date "2024.03.17"]
[Round "10.2"]
[White "Prusikin, Michael"]
[Black "Votava, Jan"]
[Result "1/2-1/2"]
[WhiteElo "2508"]
[BlackElo "2441"]
[PlyCount "33"]
[EventDate "2024.??.??"]

1. d4 d5 2. c4 c6 3. Nf3 Nf6 4. e3 e6 5. Bd3 Nbd7 6. b3 Bd6 7. Bb2 Qe7 8. Ne5 Nxe5 9. dxe5 Bb4+ 10. Nd2 Nd7 11. O-O b6 12. cxd5 cxd5 13. Nf3 Ba3 14. Bxa3 Qxa3 15. Qc2 Ba6 16. Bxa6 Qxa6 17. Rfc1 1/2-1/2

[Event "2BLO 2324 SK Göggingen - Erfurter SK"]
[Site "?"]
[Date "2024.03.17"]
[Round "10.4"]
[White "Nestorovic, Nikola"]
[Black "Scheftlein, Richard"]
[Result "1-0"]
[WhiteElo "2455"]
[BlackElo "2329"]
[PlyCount "75"]
[EventDate "2024.??.??"]

1. e4 c6 2. Nf3 d5 3. e5 Bf5 4. Nh4 Bd7 5. d4 c5 6. c3 Nc6 7. Na3 cxd4 8. cxd4 Qb6 9. Nc2 Nb4 10. Ne3 e6 11. a3 Nc6 12. Nf3 a5 13. b3 a4 14. bxa4 Qa5+ 15. Bd2 Qxa4 16. Nc2 Na5 17. Rb1 b5 18. Bb4 Nc4 19. Bd3 h6 20. O-O Ne7 21. Nd2 Nc6 22. Bxf8 Rxf8 23. Nb3 Qa7 24. Qg4 g6 25. Qf4 h5 26. Rfe1 Qc7 27. h4 N6a5 28. Nc5 Nb7 29. Nxd7 Qxd7 30. Rb4 Rg8 31. Reb1 Ra5 32. a4 Rxa4 33. Rxb5 Nd8 34. Rb8 f5 35. exf6 Kf7 36. Ne1 e5 37. dxe5 Ne6 38. R8b7 1-0

[Event "2BLO 2324 SK Göggingen - Erfurter SK"]
[Site "?"]
[Date "2024.03.17"]
[Round "10.5"]
[White "Casper, Thomas"]
[Black "Stankovic, Milos"]
[Result "0-1"]
[WhiteElo "2351"]
[BlackElo "2462"]
[PlyCount "28"]
[EventDate "2024.??.??"]

1. e4 c5 2. Nf3 d6 3. c3 Nf6 4. h3 Nc6 5. Bd3 e5 6. O-O g5 7. Bc4 g4 8. Ng5 gxh3 9. g3 Qe7 10. d4 h6 11. Nxf7 Rh7 12. dxc5 dxc5 13. Na3 Bg4 14. Qa4 Bf3 0-1

[Event "2BLO 2324 SK Göggingen - Erfurter SK"]
[Site "?"]
[Date "2024.03.17"]
[Round "10.6"]
[White "Pitl, Gregory"]
[Black "Troyke, Christian"]
[Result "1/2-1/2"]
[WhiteElo "2369"]
[BlackElo "2309"]
[PlyCount "134"]
[EventDate "2024.??.??"]

1. e4 g6 2. d4 Bg7 3. Nf3 c5 4. d5 d6 5. Nc3 Nf6 6. Bb5+ Bd7 7. a4 O-O 8. h3 Na6 9. O-O Nc7 10. Bc4 a6 11. a5 e6 12. Bf4 e5 13. Be3 Nb5 14. Qd3 Nd4 15. Nd2 Nh5 16. Na4 Qxa5 17. c3 Qc7 18. cxd4 exd4 19. Bg5 h6 20. Bh4 g5 21. Qf3 Nf4 22. Bg3 Be5 23. b4 b5 24. bxc5 dxc5 25. Nb2 bxc4 26. Ndxc4 Bb5 27. Rfc1 Rae8 28. Re1 f6 29. Bxf4 Bxf4 30. g3 Be5 31. Rac1 Qe7 32. Qa3 Bb8 33. Nd3 Qd7 34. Nxc5 Qxh3 35. Ne6 Rxe6 36. dxe6 Qxe6 37. Qb4 h5 38. Nd2 h4 39. Qxd4 hxg3 40. Qd5 gxf2+ 41. Kxf2 Qxd5 42. exd5 Bf4 43. Rcd1 Kf7 44. Ne4 Rc8 45. Kg1 Kg6 46. Nf2 Kf5 47. Nd3 Bd6 48. Re6 Bxd3 49. Rxd3 Rd8 50. Rf3+ Bf4 51. Rxa6 Rxd5 52. Ra2 g4 53. Rb3 Be5 54. Kg2 Rd8 55. Rb7 Rd3 56. Rf2+ Kg6 57. Re2 Rg3+ 58. Kf2 Rh3 59. Kg1 Ra3 60. Kg2 Ra1 61. Rb5 Kf5 62. Rf2+ Kg5 63. Re2 Ra3 64. Rbxe5+ fxe5 65. Rxe5+ Kf4 66. Re2 Rg3+ 67. Kf2 Rf3+ 1/2-1/2

[Event "2BLO 2324 SK Göggingen - Erfurter SK"]
[Site "?"]
[Date "2024.03.17"]
[Round "10.7"]
[White "Brueggemann, Joachim"]
[Black "Schmittdiel, Eckhard"]
[Result "1/2-1/2"]
[WhiteElo "2260"]
[BlackElo "2383"]
[PlyCount "66"]
[EventDate "2024.??.??"]

1. e4 c5 2. Nf3 e6 3. d3 Nc6 4. g3 d5 5. Nbd2 Nf6 6. Bg2 Bd6 7. O-O O-O 8. a3 Qc7 9. Re1 b5 10. exd5 exd5 11. d4 c4 12. Nf1 h6 13. Ne3 Be6 14. c3 a5 15. Nh4 Ne7 16. Qc2 Qd7 17. f4 Ng4 18. Bf3 Nxe3 19. Bxe3 f5 20. Bg2 b4 21. axb4 axb4 22. cxb4 Bxb4 23. Bd2 Bxd2 24. Qxd2 Rxa1 25. Rxa1 Rb8 26. Nf3 Nc6 27. Re1 Bf7 28. h3 Rb3 29. Re3 Qb7 30. Rxb3 Qxb3 31. Kf2 Be6 32. Qc3 Qb6 33. Ke3 Kh7 1/2-1/2

[Event "2BLO 2324 SK Göggingen - Erfurter SK"]
[Site "?"]
[Date "2024.03.17"]
[Round "10.8"]
[White "Kukov, Velislav"]
[Black "Ruether, Rudolf"]
[Result "1-0"]
[WhiteElo "2339"]
[BlackElo "2065"]
[PlyCount "119"]
[EventDate "2024.??.??"]

1. d4 Nf6 2. Bf4 e6 3. e3 c5 4. c3 b6 5. Nf3 Be7 6. h3 O-O 7. Nbd2 Ba6 8. Bxa6 Nxa6 9. a4 d6 10. Qe2 Qc8 11. O-O Qb7 12. Bh2 Rfd8 13. Rfd1 Nc7 14. e4 cxd4 15. Nxd4 a6 16. Qc4 Bf8 17. Qc6 Ra7 18. Nc4 Nxe4 19. Qxb6 Qxb6 20. Nxb6 Rb7 21. Nc6 Re8 22. a5 d5 23. f3 Nd6 24. b3 Nc8 25. Nd7 Bd6 26. Bxd6 Nxd6 27. Nc5 Rb5 28. b4 Nc4 29. f4 g6 30. Na7 Rbb8 31. Nd7 Ra8 32. Nf6+ Kg7 33. Nxe8+ Nxe8 34. Nc6 Ned6 35. Nd4 Rb8 36. Nb3 Nb5 37. Rac1 Ne3 38. Rd3 Nc4 39. Nc5 Ra8 40. Kf2 Ra7 41. Kf3 Kf6 42. Nb3 Rb7 43. Nd4 Nbd6 44. Nc2 Rc7 45. Ne3 Na3 46. Rxd5 Nab5 47. Rd3 Nc4 48. Nxc4 Rxc4 49. Rd8 Ke7 50. Rb8 h5 51. Rb7+ Nc7 52. Ke3 Kd7 53. Kd3 Rxf4 54. c4 Kc8 55. Rb6 Rf2 56. Rc2 Rf1 57. Kd4 Rd1+ 58. Kc3 Ra1 59. Kb2 Re1 60. b5 1-0

[Event "2BLO 2324 SC Garching - Nickelhütte Aue"]
[Site "?"]
[Date "2024.03.17"]
[Round "10.1"]
[White "Antal, Gergely"]
[Black "Vykouk, Jan"]
[Result "1/2-1/2"]
[WhiteElo "2586"]
[BlackElo "2509"]
[PlyCount "53"]
[EventDate "2024.??.??"]

1. e4 c5 2. Nf3 d6 3. d4 Nf6 4. Nc3 cxd4 5. Qxd4 Nc6 6. Qe3 g6 7. Bc4 Bg7 8. h3 O-O 9. O-O Na5 10. Bd3 a6 11. a4 Be6 12. Qe2 Rc8 13. Rd1 Qb6 14. Be3 Qxb2 15. Nb5 Bc4 16. Qe1 Bxd3 17. cxd3 axb5 18. Qxa5 bxa4 19. Qxa4 Qc2 20. Qb4 Qc7 21. Ra7 Qc2 22. Qb1 Rfd8 23. Rc1 Qxb1 24. Rxb1 Rd7 25. Rbxb7 Rxb7 26. Rxb7 Kf8 27. Kf1 1/2-1/2

[Event "2BLO 2324 SC Garching - Nickelhütte Aue"]
[Site "?"]
[Date "2024.03.17"]
[Round "10.2"]
[White "Haba, Petr"]
[Black "Gonda, Laszlo"]
[Result "1/2-1/2"]
[WhiteElo "2436"]
[BlackElo "2485"]
[PlyCount "28"]
[EventDate "2024.??.??"]

1. e4 e5 2. Nf3 Nc6 3. Bb5 Nf6 4. O-O Nxe4 5. Re1 Nd6 6. Nxe5 Be7 7. Bf1 Nxe5 8. Rxe5 O-O 9. Nc3 Ne8 10. Nd5 Bd6 11. Re1 c6 12. Ne3 Bc7 13. Nf5 d5 14. Ne7+ Kh8 1/2-1/2